The Saint the Surfer and the ceo (Record no. 12)

MARC details
000 -Trường điều khiển
00498nam a2200181 a 4500
001 - Mã điều khiển nội bộ
DLC000019654
005 - Thời gian thao tác lần cuối với biểu ghi
20240524071346.0
008 - Trường có độ dài cố định -- Thông tin chung tài liệu
220519s2003 xxu eng d
020 ## - Số sách chuẩn quốc tế ISBN
Số ISBN 9788190565554
040 ## - Thông tin cơ quan biên mục
Cơ quan biên mục gốc DLC
Ngôn ngữ biên mục vie
Quy tắc mô tả AACR2
041 ## - Mã ngôn ngữ
Mã ngôn ngữ của chính văn eng
082 14 - Ký hiệu phân loại DDC
Chỉ số DDC 14 813.54
Chỉ số Cutter Sh531-Indi
100 1# - Tiêu đề chính -- Tên cá nhân
Họ tên cá nhân Sharma, Robin
Năm tháng đi kèm với tên 1964-
245 14 - Nhan đề chính
Nhan đề chính The Saint the Surfer and the ceo
Thông tin trách nhiệm / Robin Sharma
260 ## - Địa chỉ xuất bản
Nơi xuất bản Carlsbad, Calif
Nhà xuất bản : Hay house India
Năm xuất bản , 2003
300 ## - Mô tả vật lý
Độ lớn/Số trang xv, 221 p.
Kích thước, khổ cỡ ; 23 cm
942 ## - Định dạng tài liệu (KOHA)
Nguồn phân loại Dewey Decimal Classification
Kiểu tài liệu (Koha) Books
Holdings
Số lần ghi mượn Ký hiệu phân loại Đăng ký cá biệt Cập nhật lần cuối Số bản sao Ngày áp dụng giá thay thế Kiểu tài liệu Trạng thái mất tài liệu Nguồn phân loại Trạng thái hư hỏng Không cho mượn về Trạng thái lưu thông Thư viện sở hữu Thư viện lưu trữ Ngày bổ sung
  14 813.54 Sh531-Indi DL00000011 09/05/2024 1 09/05/2024 Books   Dewey Decimal Classification     Sẵn sàng lưu thông Centerville Centerville 09/05/2024